00603nam a2200205Ia 4500008004100000041001200041082001000053082001100063100001600074100001100090245006100101260001100162260003500173260000900208300001500217650002100232942000700253999001900260952011800279150909s9999 xx 000 0 und d aEnglish a338.1 bETI/ST aEtienne G  eAuthor aStudies in Indian agricultural : the art of the possible aLondon bUniversity of California Press c1968 a343 Pages aAgrarian reforms cBK c246926d246926 00104070aKAUCOAbKAUCOAd2022-03-03l0o338.1 ETI/STpKAU-COA-4680 r2015-09-16 00:00:00w2015-09-16yBK